Estudio para la alternativa de paso a desnivel en la intersección Rubenia, Managua, a nivel de anteproyecto.

Presenta el estudio para la alternativa de paso a desnivel en la intersección Rubenia, Managua, a nivel de anteproyecto mediante el análisis de la funcionalidad de dicha confluencia, se pretende presentar una propuesta de pre diseño geométrico vial y estructural por medio de un paso a desnivel...

Full description

Bibliographic Details
Main Authors: Reyes Mendoza, Tania Aracely, Oporta Castellón, Vanesa Emperatriz
Other Authors: Tutor: Bustamante Arteaga, José Fernando
Format: Tesis Section = Libro
Language:Undetermined
Spanish
Published: Managua UNI 2009
Subjects:
LEADER 01412nam a2200277Ia 4500
008 240830s9999 xx 000 0 und d
040 |a BIBLIOTECA-RUPAP Mon 625.14 R457 
041 |a spa 
082 |a Mon 625.14 R457 
100 1 |a Reyes Mendoza, Tania Aracely 
100 1 |b  Oporta Castellón, Vanesa Emperatriz 
245 1 0 |a Estudio para la alternativa de paso a desnivel en la intersección Rubenia, Managua, a nivel de anteproyecto. 
260 |a Managua  |b UNI  |c 2009 
300 |a 170 p. :il. 
500 |a Contiene: anexos. 
502 |a Tesis (Ingeniero Civil)- UNI, 2009. 
520 3 |a Presenta el estudio para la alternativa de paso a desnivel en la intersección Rubenia, Managua, a nivel de anteproyecto mediante el análisis de la funcionalidad de dicha confluencia, se pretende presentar una propuesta de pre diseño geométrico vial y estructural por medio de un paso a desnivel en la intersección Rubenia, cuya finalidad sea descongestionar el tráfico vehicular y contribuir al desarrollo de la ciudad tomando en cuenta el plan integral de transporte y viabilidad del municipio de Managua. 
650 7 |a DISEÑO VIAL URBANO 
650 7 |b DISEÑO GEOMETRICO 
650 7 |c INFRAESTRUCTURA VIAL 
650 7 |d DISEÑO ESTRUCTURA 
650 7 |e ESTUDIO DE IMPACTO AMBIENTAL 
700 1 |a Tutor:  |b Bustamante Arteaga, José Fernando 
942 |c BK  |2 ddc 
991 |a TESIS 
999 |c 15957